THAMPAI PURANAMA (Record no. 5067)
[ view plain ]
| 000 -LEADER | |
|---|---|
| fixed length control field | 00305nam a22001337a 4500 |
| 082 ## - DEWEY DECIMAL CLASSIFICATION NUMBER | |
| Classification number | 894.812.3 |
| Item number | PAN/T |
| 100 ## - MAIN ENTRY--AUTHOR NAME | |
| Personal name | PANDIKASAALA, PURUSHOTHAMAN |
| 245 ## - TITLE STATEMENT | |
| Title | THAMPAI PURANAMA |
| 260 ## - PUBLICATION, DISTRIBUTION, ETC. (IMPRINT) | |
| Place of publication | ERNAKULAM |
| Name of publisher | INDIAN SOCIETY OF AUTHORS |
| Year of publication | 2013 |
| 300 ## - PHYSICAL DESCRIPTION | |
| Number of Pages | 183 |
| 520 ## - SUMMARY, ETC. | |
| Summary, etc | NOVEL |
| 650 ## - SUBJECT ADDED ENTRY--TOPICAL TERM | |
| Topical Term | NOVEL |
| 942 ## - ADDED ENTRY ELEMENTS (KOHA) | |
| Koha item type | Books |
| Withdrawn status | Lost status | Collection code | Home library | Current library | Shelving location | Date acquired | Source of acquisition | Cost, normal purchase price | Full call number | Accession Number | Koha item type |
|---|---|---|---|---|---|---|---|---|---|---|---|
| Fiction | Main Library | Main Library | SHELF-16- J- MALAYALAM NOVELS,FICTIONS | 07/05/2013 | Purchase | 120.00 | 894.812.3 PAN/T | 07813 | Books |